Labour market dynamics in the russian federation

Enregistré dans:
Détails bibliographiques
Format: Livre
Langue:anglais
Publié: Paris OECD 1997
Collection:OECD Proceedings
Sujets:
Tags: Ajouter un tag
Pas de tags, Soyez le premier à ajouter un tag!

MARC

LEADER 00000nam a2200000 4500
001 c120051
005 20221124074742.3
041 0 |a eng 
044 |a FR 
245 1 0 |a Labour market dynamics in the russian federation 
264 1 |a Paris  |b OECD  |c 1997 
300 |a 161 s. 
490 1 |a OECD Proceedings 
830 0 |a OECD Proceedings 
610 2 0 |a trh práce 
610 2 0 |a podnik priemyselný 
610 2 0 |a SVE 
610 2 0 |a Rusko 
610 2 0 |a mikroekonomika